000 00770nam a2200289Ia 4500
001 5204
005 20240113233822.0
007 ta
008 050618s1972 a g b000 u eng u
020 _cPB
040 _aCotton College,Assam
041 _aeng
082 _a591.8
_bM 13 C
100 _aMcelroy, William D. .
245 0 _aCell Physiology and Biochemistry /
_cWilliam D. Mcelroy.
_hTextual Documents
250 _a3rd ed. /
260 _aNew Delhi :
_bPrentice-Hall of India(Pvt Ltd) ,
_c1972.
300 _aviii, 152p. :
_bill ;
_c23cm .
653 _aZoology
653 _aBiochemistry
653 _aCell Physiology
653 _aPhysiology-Cell
653 _aPG-Zoology
942 _2ddc
_cBK
999 _c5191
_d5191